01587cam a22003494a 450000100090000000300040000900500170001300800410003001000170007102000280008803500200011604000100013604200080014605000230015406000230017708200150020010000200021524500930023526000450032830000330037350400510040650505180045765000300097565000210100565000180102665000140104465000270105865000220108570000330110770000200114085600770116013161135OSt20150408114128.0030411s2004 ilua b 001 0 eng  a 2003008212 a0880116056 (hard cover) a(DNLM)101174761 aMa-Un apcc00aRA781b.D5485 200410aQT 255bD612p 200400a613.712211 aDishman, Rod K.10aPhysical activity epidemiology /cRod K. Dishman, Richard A. Washburn, Gregory W. Heath. aChampaign, IL :bHuman Kinetics,cc2004. axx, 467 p. :bill. ;c29 cm. aIncludes bibliographical references and index.0 aOrigins of physical activity epidemiology -- Ancient history of physical activity and health -- Modern history of physical activity and health -- Health goals for the nation -- Concepts and methods in physical activity epidemiology -- Epidemiologic measures -- Crude, specific, and standardized rates -- Research design in epidemiologic studies -- Evaluating associations in epidemiologic studies -- Models in physical activity epidemiology -- Determining cause in epidemiologic studies -- Criteria for causation. 0aExercisexHealth aspects. 0aHealth behavior. 0aEpidemiology.12aExercise.22aEpidemiologic Methods.22aHealth Promotion.1 aWashburn, Richard A.,d1947-1 aHeath, Gregory.413Table of contentsuhttp://www.loc.gov/catdir/toc/ecip042/2003008212.html